| 000 | 03329cam a2200409 a 4500 | ||
|---|---|---|---|
| 001 | ocn428097221 | ||
| 005 | 20250205130740.0 | ||
| 006 | m o d | ||
| 007 | cr cn||||||||| | ||
| 008 | 090728s1981 ne a ob 001 0 eng d | ||
| 020 | _a9780444418555 | ||
| 020 | _a0444418555 | ||
| 040 |
_aKO _beng |
||
| 041 | 0 | _aeng | |
| 082 | 0 | 4 |
_a574.5/2636 _222 |
| 245 | 0 | 0 |
_aMarine environmental pollution. _n2, _pDumping and mining / _cedited by Richard A. Geyer. |
| 246 | 3 | _aDumping and mining | |
| 260 |
_aAmsterdam ; _aNew York : _bElsevier Scientific Pub. Co. ; _aNew York, N.Y. : _bDistributors for the U.S. and Canada, Elsevier/North-Holland, _c1981. |
||
| 300 |
_a1 online resource (1 volume) : _billustrations |
||
| 338 | _aonline resource | ||
| 490 | 1 |
_aElsevier oceanography series ; _vv. 27, pt. 2 |
|
| 505 | 0 | _aCoastal zone. Effects of municipal discharges on open coastal ecosystems / Alan J. Mearns -- Ecological survey of the Gulf of Naples area, conducted during Sept. 15 to Oct. 15, 1976 for the region of Campania / Carl H. Oppenheimer, Dorothy P. Oppenheimer, Roberto Blundo -- Heavy metals and chlorinated hydrocarbons in the Mediterranean / Michael Bernhard -- History of heavy-metal inputs to Mississippi Delta sediments / John H. Trefry, Robert F. Shokes -- Heterotrophic microbial activity in experimentally perturbed marine ecosystems / P.A. Gillespie, R.F. Vaccaro -- Dredging equipment and the ffects of dredging on the environment / John B. Herbich -- Environmental effects of unconfined and confined disposal of dredged materials in open water / John B. Herbich -- Changes in a harbor ecosystem following "improved" waste treament / Dorothy F. Soule -- Ocean disposal and mining. Suspended matetr as a carrier for pollutants in estuaries and the sea / D. Eisma -- Marine biology needed to assess the safety of a program of disposal of high-level radioactive waste in the ocean / M.V. Angel, M.J.R. Fasham, A.L. Rice -- New York bight ecosystem / Charles G. Gunnerson -- Deep-ocean dumping of industrial wastes / Duane C. Simpson, Thomas P. O'Connor, P. Kilho Park -- Evaluation of the effects of man-derived wastes on the viability of the Gulf of Mexico / William M. Sackett -- Environmental impacts of deep-ocean mining : the importance of manganese / Charles L. Morgan -- Impacts of manganese nodule mining on the environment : results from pilot-scale mining tests in the north equatorial pacific / E. Ozturgut, J.W. Lavelle, R.E. Burns -- Sediment dispersion and other environmental impacts of deep-ocean mining in the eastern tropical Pacific Ocean / Takashi Ichiye, Michael Carnes. | |
| 504 | _aIncludes bibliographical references and indexes. | ||
| 650 | 0 | _aMarine pollution. | |
| 650 | 6 |
_aPollution marine. _0(CaQQLa)201-0005872 |
|
| 650 | 7 |
_amarine pollution. _2aat _0(CStmoGRI)aat300055356 |
|
| 650 | 7 |
_aMarine pollution. _2fast _0(OCoLC)fst01009826 |
|
| 700 | 1 | _aGeyer, Richard A. | |
| 830 | 0 |
_aElsevier oceanography series ; _vv. 27, pt. 2. |
|
| 856 | _uhttps://www.sciencedirect.com/science/book/9780444418555 | ||
| 856 | _uhttps://www.sciencedirect.com/science/bookseries/04229894/27/part/PB | ||
| 856 | _uhttps://www.sciencedirect.com/science/issue/40094-1981-999729999.7997-691122 | ||
| 904 | _aRUDRA_R | ||
| 905 | _aR_RANJAN | ||
| 942 |
_2ddc _cEB |
||
| 999 |
_c3338 _d3338 |
||